00517nam a22001697a 450000500170000001000150001702000260003203500140005803700130007208200140008510000170009924500520011626000450016827000630021330000220027650000490029820171212153533.0 aENG-121857 a9780198066743c645.00 aEN-105389 bDBAD/PUB a342.54083 aRoy, Anupama aMapping citizenship in india / cby Anupama Roy aNew DelhibOxford University Pressc2010 aYMCA Library Building , Jai Singh Road bNew Delhie110001 ax,226p.c22cm(Hb) aIncludes bibliographical reference and index